The 1966 World Book: Reviewing events of 1965 Year Book

Сохранить в:
Библиографические подробности
Формат:
Язык:Undetermined
Опубликовано: Chicago, Estados Unidos Field Enterprises Educational Corporation 1966
Предметы:
Метки: Добавить метку
Нет меток, Требуется 1-ая метка записи!

MARC

LEADER 00000nam a2200000Ia 4500
008 170316s9999 xx 000 0 und d
040 |a cru BVZT 
090 |a REF 
245 4 |a The 1966 World Book: Reviewing events of 1965 Year Book 
260 |a Chicago, Estados Unidos 
260 |b Field Enterprises Educational Corporation 
260 |c 1966 
300 |a 626 páginas 
650 |a REFERENCIA 
650 |a ENCICLOPEDIA EN INGLÉS 
942 |c REF 
999 |c 14945  |d 14945